| 000 | 00733nam a2200229 4500 | ||
|---|---|---|---|
| 003 | OSt | ||
| 005 | 20240611023058.0 | ||
| 006 | a | ||
| 008 | 240611b |||||||| |||| 00| 0 eng d | ||
| 020 | _a9789712362361 | ||
| 040 |
_aDWCL-Main lib. _cOC |
||
| 082 |
_2Revised edition _aFil. 658.4009 Z36b 2012 |
||
| 100 | _aZarate, Cynthia A. | ||
| 245 | _aOrganizational behavior and management in Philippine organization / | ||
| 250 | _aRevised edition | ||
| 260 |
_bManila : _aRex Book Store, _cc2012. |
||
| 300 |
_axiii, _b152 p. : ill. ; _c25 cm. |
||
| 504 | _aIncludes references & index. | ||
| 650 | _a1. Organizational behavior–Philippines. | ||
| 700 | _aCynthia A Zarate | ||
| 942 |
_2ddc _n0 _cBK-CIRC _eRevised edition _kCirc. |
||
| 999 |
_c512 _d512 |
||